| 000 | 00505nam a2200217Ia 4500 | ||
|---|---|---|---|
| 008 | 170918s9999 xx 000 0 und d | ||
| 020 | _a9780439314312 | ||
| 050 | _bC237 2001 | ||
| 100 | _aCapecci, Anne | ||
| 245 | _aInsect invaders / | ||
| 245 | _cby Anne Capecci. | ||
| 260 | _aNew York : | ||
| 260 | _bScholastic, | ||
| 260 | _c2001 | ||
| 300 | _a87 pages : | ||
| 300 | _bcolored illustration ; | ||
| 300 | _c19cm. | ||
| 440 | _aThe magic school bus ; | ||
| 440 | _v11 | ||
| 500 | _a610 | ||
| 999 |
_c342771 _d342771 |
||